00712nam a2200181 a 4500001000900000005001700009008004100026050002100067100002000088245009900108260004100207300004000248500003800288504003700326505011000363650003100473700002600504BRCA_71720190320203123.0970825s1989 mx-a---##b---#000-0#spa-d 4aND250b.E86 19891 aEspejo, Beatriz10aHistoria de la pintura mexicanactexto Beatriz Espejo ; prólogos Rufino Tamayo ... [et al.]. aMéxicobComermex : Armoníac1989 a3 v.bil. (algunas a color)c28 cm. aIncluye índice de ilustraciones aBibliografía: p. 251-254 (v.3)0 aContenido: v.1. Época prehispánica. -- v.2. Principios del siglo XIX. -- v.3. Pintura contemporánea14aPintura mexicanaxHistoria1 aTamayo, Rufinod1899-